Podnik v novej ekonomike

Nová ekonomika - definícia, porovnanie starej a novej ekonomiky, nové podnikateľské prostredie. Fenomén globalizácie. Podnik v novej ekonomike - kľúčové faktory jeho úspešnosti : využívanie znalostí, inovácie. Význam informačných a komunikačných technológií.

Enregistré dans:
Détails bibliographiques
Auteur principal: Bažó, Ladislav, 1980-
Format: Chapitre de livre
Langue:slovaque
Sujets:
Tags: Ajouter un tag
Pas de tags, Soyez le premier à ajouter un tag!

MARC

LEADER 00000naa$a2200000$$$4500
001 0053337
005 20240502083136.7
041 0 |a slo 
044 |a CZ 
245 1 0 |a Podnik v novej ekonomike  |c Ladislav Bažó 
520 |a Nová ekonomika - definícia, porovnanie starej a novej ekonomiky, nové podnikateľské prostredie. Fenomén globalizácie. Podnik v novej ekonomike - kľúčové faktory jeho úspešnosti : využívanie znalostí, inovácie. Význam informačných a komunikačných technológií. 
610 2 0 |a ekonomika nová 
610 2 0 |a definície 
610 2 0 |a prostredie podnikateľské 
610 2 0 |a globalizácia 
610 2 0 |a podnik 
610 2 0 |a vedomosti 
610 2 0 |a inovácia 
610 2 0 |a technológie informačné 
610 2 0 |a technológie komunikačné 
100 1 |a Bažó, Ladislav, 1980-